000 00574nam a2200133Ia 4500
003 GCL
008 140319s9999 xx 000 0 ara d
040 _aGCL /
_cGCL
082 0 4 _a691
_bح م
100 1 _aحسين محمد جمعة
245 1 0 _aالمرجع الحديث للمهندس العصرى: الدهانات المعمارية - الدهانات الصناعية - الترميمات والشروخ - الاضافات الخرسانية - المواد العازلة - المواد اللاصقة ... /
_cحسين محمد جمعة
300 _a176 ص
490 _a
999 _c37828
_d37828